书目信息 |
| 题名: |
多维复用光网络
|
|
| 作者: | 郁小松 , 赵永利 , 张杰 , 韩佳巍 著 | |
| 分册: | ||
| 出版信息: | 北京 人民邮电出版社 2020.06 |
|
| 页数: | 206页 | |
| 开本: | 24cm | |
| 丛书名: | 信息与通信创新学术专著 | |
| 单 册: | ||
| 中图分类: | TN929.11 | |
| 科图分类: | ||
| 主题词: | 光纤网--guang xian wang | |
| 电子资源: | ||
| ISBN: | 978-7-115-51972-6 | |
| 000 | 01517nam 2200337 450 | |
| 001 | 202020140545 | |
| 005 | 20200926181352.0 | |
| 010 | @a978-7-115-51972-6@dCNY118.00 | |
| 100 | @a20200918d2020 em y0chiy50 ea | |
| 101 | 0 | @achi |
| 102 | @aCN@b110000 | |
| 105 | @aa a 001yy | |
| 106 | @ar | |
| 200 | 1 | @a多维复用光网络@Aduo wei fu yong guang wang luo@d= Multi-dimension multiplexing optical network@f郁小松 ... [等] 著@zeng |
| 210 | @a北京@c人民邮电出版社@d2020.06 | |
| 215 | @a206页@c图@d24cm | |
| 225 | 2 | @a信息与通信创新学术专著@Axin xi yu tong xin chuang xin xue shu zhuan zhu |
| 304 | @a题名页题其余责任者: 赵永利, 张杰, 韩佳巍 | |
| 314 | @a郁小松, 硕士生导师、美国加州大学戴维斯分校访问学者。赵永利, 北京邮电大学教授、博士生导师。张杰, 北京邮电大学教授、博士生导师。韩佳巍, 目前于天津市无线移动通信与无线电能传输重点实验室 (天津师范大学) 从事科研和教学工作。 | |
| 320 | @a有书目和索引 | |
| 330 | @a本书内容涵盖多维复用光网络的概念、系统组成、关键技术等, 目的在于帮助读者能够更好地学习和掌握多维复用光网络的原理与技术。主要内容包括: 绪论、波分复用技术、光时分复用技术、空分复用技术等。 | |
| 410 | 0 | @12001 @a信息与通信创新学术专著 |
| 510 | 1 | @aMulti-dimension multiplexing optical network@zeng |
| 606 | 0 | @a光纤网@Aguang xian wang |
| 690 | @aTN929.11@v5 | |
| 701 | 0 | @a郁小松@Ayu xiao song@4著 |
| 701 | 0 | @a赵永利@Azhao yong li@4著 |
| 701 | 0 | @a张杰@Azhang jie@4著 |
| 701 | 0 | @a韩佳巍@Ahan jia wei@4著 |
| 801 | 0 | @aCN@c20200602 |
| 905 | @a河南城建学院图书馆@dTN929.11@eY849 | |
| 多维复用光网络= Multi-dimension multiplexing optical network/郁小松 ... [等] 著.-北京:人民邮电出版社,2020.06 |
| 206页:图;24cm.-(信息与通信创新学术专著) |
| ISBN 978-7-115-51972-6:CNY118.00 |
| 本书内容涵盖多维复用光网络的概念、系统组成、关键技术等, 目的在于帮助读者能够更好地学习和掌握多维复用光网络的原理与技术。主要内容包括: 绪论、波分复用技术、光时分复用技术、空分复用技术等。 |
| ● |
| 相关链接 |
|
|
|
正题名:多维复用光网络
索取号:TN929.11/Y849
 
预约/预借
| 序号 | 登录号 | 条形码 | 馆藏地/架位号 | 状态 | 备注 |
| 1 | 1490744 | 214907449 | 自科库301/301自科库 999排9列3层/ [索取号:TN929.11/Y849] | 在馆 |